000 01340naa a22003377a 4500
001 BR7503347
003 BR-BrBNA
005 20240918173749.0
007 ta
008 230509b bl.||||| |||| 00| 0 por d
040 _aBR-BrBNA
_bpor
_cBiblioteca Nacional de Agricultura
041 _a(Pt)
072 _aH10
_b2120
_b4020
_bG514
090 _aH10 BR7503347
100 1 _aReis, P.R.
100 1 _aLima, J.O.G. de
100 1 _aSouza, J.C. de
111 1 _a3. Congresso Brasileiro de Pesquisas Cafeeiras
_cCuritiba, PR (Brazil)
_d18 Nov 1975
245 1 _aFlutuacao populacional do bicho-mineiro das folhas do cafeeiro, Perileucoptera coffeella (Lepidoptera-Lyonetiidae), nas regioes cafeeiras do estado de Minas Gerais e identificacao de inimigos naturais [Brasil]
260 3 _aRio de Janeiro, RJ (Brasil):
_c1975.
500 _aResumos do 3. Congresso Brasileiro de Pesquisas Cafeeiras Rio de Janeiro, RJ (Brasil): 1975. p. 217-218 (BR7503347-AM)H10
650 _aCAFE
650 _aBICHO MINEIRO
650 _aINSETO
650 _aCONTROLE BIOLOGICO
650 _aFLUTUACAO POPULACIONAL
650 _aMINAS GERAIS
773 0 _tResumos do 3. Congresso Brasileiro de Pesquisas Cafeeiras
_wH10 BR7503347
_gRio de Janeiro, RJ (Brasil), 1975. p. 217-218
909 _a202404
_bLucia
_c55
_dLucia Elande
942 _cAM
_2AGRIS
999 _c306727
_d306727